000 00934nam a2200277 i 4500
001 6738
003 ES-MaACL
005 20250815091736.0
007 t|
008 900415s1986 sp ||||1| spa d
020 _a84-245-0447-X
080 _a9(46)"1972/1982"
080 _a323.285(46)"1972/1982"
100 1 _aPiñuel Raigada, José Luis.
_992297
245 1 3 _aEl Terrorismo en la transicion española
_b: (1972-1982) /
_cJose Luis Piñuel.
260 _aMadrid :
_bFundamentos,
_cD.L. 1986.
300 _a245 p. ;
_c20 cm.
490 1 _aColección ciencia. Serie política ;
_v144
500 _aIndice.
504 _aBibliogr.: p. 239-241.
650 1 4 _aTerrorismo-
_xEspaña-
_y1975-1982.
_917496
651 4 _aEspaña-
_xPolítica y gobierno-
_y1975-1982.
_98447
830 0 0 _aColección ciencia (Fundamentos)
_v144
_9227763
852 _aES-MaACL
_jL-13978
_bR.117557
_z. - rust.
999 _c6738
_d6738